000 00569nam a2200193Ia 4500
999 _c1021
_d1021
020 _a81-7054-096-8
082 _a307.760954 DHA-;
100 _aDharam Vir
245 0 _aPolitical efficacy in urban India: a sociological exploration
260 _aNew Delhi
_bClassical Publishing
_c1989
300 _axii, 182p.
504 _aIncludes bibliography
650 _aSociology, Urban - India
650 _aIndia - Politics and government
650 _aMetropolitan government - India
650 _aUrban policy - India
650 _aPolitical sociology
942 _cBK